000 01585aam a2200361 i 4500
001 69210
003 Mx-PuUPA
005 20260223133830.0
008 201029s2010 mx a|||fr|||| 001 0 spa d
020 _a9786074429398
040 _aMx-PuUPA
_bspa
_cMx-PuUPA
_dMx-PuUPA
_erda
041 1 _aspa
_heng
100 1 _910984
_aAsfahl, C. Ray,
_d1938-
_eautor
240 1 0 _aIndustrial safety and health management.
_lEspañol
245 1 0 _aSeguridad industrial y administración de la salud /
_cC. Ray Asfahl, David W. Rieske ; traducción, Jaime Espinosa Limón
250 _aSexta edición
264 4 _aCiudad de México :
_bPearson Educación de México,
_c2010
300 _axi, 564 páginas :
_bilustraciones ;
_c24 cm
336 _2rdacontent
_atexto
_btxt
337 _2rdamedia
_asin medio
_bn
338 _2rdacarrier
_avolumen
_bnc
650 4 _aSeguridad industrial
650 4 _aHigiene industrial
650 4 _aSalud ocupacional
700 1 _aRieske, David W.,
_eautor
700 1 _aEspinosa Limón, Jaime,
_etraductor
765 1 8 _aAsfahl, C. Ray, 1938-
_dUpper Saddle River, N.J. : Prentice Hall, ©2010
_tIndustrial safety and health management.
_z9780132368711
942 _2ddc
_cLI
_h613.62
_iA817
999 _c69210
_d69210